Statistiken für Berühmte Konzert- und Veranstaltungshallen

Klicken Sie hier um das Quiz zu spielen!

Allgemein

  • Dieses Quiz wurde 56 mal gespielt
  • Das Durchschnittsergebnis liegt bei 11 aus 20

Antwortstatistiken

HintAntwort% Korrekt
ElbphilarmonieHamburg
100%
WestfalenhallenDortmund
89%
Lanxess-ArenaKöln
80%
SemperoperDresden
78%
Royal Albert HallLondon
72%
Bolschoi-TheaterMoskau
72%
Max-Schmeling-HalleBerlin
63%
Richard-Wagner-FestspielhausBayreuth
61%
Walt Disney Concert HallLos Angeles
59%
ScalaMailand
59%
BeethovenhalleBonn
56%
Carnegy-HallNew York
56%
BurgtheaterWien
56%
BataclanParis
54%
Koninklijk Concertgebouw Amsterdam
46%
GewandhausLeipzig
44%
Kennedy CenterWashington D.C.
33%
Teatro di San CarloNeapel
31%
Rudolf-Oetker-HalleBielefeld
30%
Rudolfinum Prag
4%

Verteilung der Resultate

Perzentil nach korrekt beantworteten Fragen

Anzahl Personen mit jedem Resultat

Ihre Resultats-Entwicklung

Sie haben dieses Quiz noch nicht gespielt